| 000 | 00741cam a2200217 4500 | ||
|---|---|---|---|
| 001 | sa 68012747 | ||
| 003 | DLC | ||
| 005 | 20260227112614.0 | ||
| 008 | 691021s1968 ii 00000 eng | ||
| 010 | _asa 68012747 //r87 | ||
| 025 | _aPL480:I-E-10429 | ||
| 043 | _aa-ii--- | ||
| 050 | 0 |
_aHD5820.M28 _bA5 |
|
| 082 | _a331.1/15 | ||
| 110 | 1 | 0 |
_aMadras (State). _bState Employment Market Information Unit. |
| 245 | 1 | 0 | _aShort term study of the utilisation pattern of educated persons produced during the third plan period in Madras State. |
| 260 | 1 |
_aMadras, _c1968. |
|
| 300 |
_aii, 98 p. _c30 cm. |
||
| 500 | _aAt head of title: Dept. of Employment and Training, Madras. | ||
| 650 | 0 |
_aCollege graduates _xEmployment _zIndia _zTamil Nadu. |
|
| 999 |
_c84721 _d84721 |
||